000
00347 a2200157 4500
001
156457
020
_a
9788535719383
040
_c
Escola São Tomás de Aquino
100
_a
CEREJA, William Roberto
240
1
0
_a
Português
_l
por
245
1
0
_a
Português
300
_a
256
362
0
_a
2014
697
_a
Língua portuguesa
942
_c
BK
999
_c
156457
_d
156457